000 nam a22 7a 4500
999 _c9167
_d9167
008 180123b ||||| |||| 00| 0 eng d
100 _aBerger F
_95437
245 _aScience
260 _c1979